<?xml version="1.0" encoding="UTF-8"?><?xml-stylesheet type="text/xsl" href="static/style.xsl"?><OAI-PMH xmlns="http://www.openarchives.org/OAI/2.0/" xmlns:xsi="http://www.w3.org/2001/XMLSchema-instance" xsi:schemaLocation="http://www.openarchives.org/OAI/2.0/ http://www.openarchives.org/OAI/2.0/OAI-PMH.xsd"><responseDate>2026-06-29T01:45:09Z</responseDate><request verb="GetRecord" identifier="oai:docta.ucm.es:20.500.14352/107884" metadataPrefix="marc">https://docta.ucm.es/rest/oai/request</request><GetRecord><record><header><identifier>oai:docta.ucm.es:20.500.14352/107884</identifier><datestamp>2024-09-05T00:02:31Z</datestamp><setSpec>com_20.500.14352_14</setSpec><setSpec>col_20.500.14352_15</setSpec></header><metadata><record xmlns="http://www.loc.gov/MARC21/slim" xmlns:dcterms="http://purl.org/dc/terms/" xmlns:xsi="http://www.w3.org/2001/XMLSchema-instance" xmlns:doc="http://www.lyncode.com/xoai" xsi:schemaLocation="http://www.loc.gov/MARC21/slim http://www.loc.gov/standards/marcxml/schema/MARC21slim.xsd">
   <leader>00925njm 22002777a 4500</leader>
   <datafield ind2=" " ind1=" " tag="042">
      <subfield code="a">dc</subfield>
   </datafield>
   <datafield ind2=" " ind1=" " tag="720">
      <subfield code="a">Gómez De Castro, Ana Inés</subfield>
      <subfield code="e">author</subfield>
   </datafield>
   <datafield ind2=" " ind1=" " tag="720">
      <subfield code="a">Sestito, Paola</subfield>
      <subfield code="e">author</subfield>
   </datafield>
   <datafield ind2=" " ind1=" " tag="720">
      <subfield code="a">Sanchez Doreste, Néstor</subfield>
      <subfield code="e">author</subfield>
   </datafield>
   <datafield ind2=" " ind1=" " tag="720">
      <subfield code="a">Yáñez Gestoso, Francisco Javier</subfield>
      <subfield code="e">author</subfield>
   </datafield>
   <datafield ind2=" " ind1=" " tag="720">
      <subfield code="a">Shustov, Boris</subfield>
      <subfield code="e">author</subfield>
   </datafield>
   <datafield ind2=" " ind1=" " tag="720">
      <subfield code="a">Sachkov, Mikhail</subfield>
      <subfield code="e">author</subfield>
   </datafield>
   <datafield ind2=" " ind1=" " tag="720">
      <subfield code="a">Malkov, Oleg</subfield>
      <subfield code="e">author</subfield>
   </datafield>
   <datafield ind2=" " ind1=" " tag="720">
      <subfield code="a">Lozano, José Miguel</subfield>
      <subfield code="e">author</subfield>
   </datafield>
   <datafield ind2=" " ind1=" " tag="720">
      <subfield code="a">Kazakevich, Yuri</subfield>
      <subfield code="e">author</subfield>
   </datafield>
   <datafield ind2=" " ind1=" " tag="260">
      <subfield code="c">2012</subfield>
   </datafield>
   <datafield ind2=" " ind1=" " tag="520">
      <subfield code="a">The World Space Observatory-Ultraviolet (WSO-UV) is a space telescope built to guarantee access to the ultraviolet range (1150Å-3500Å) in the post Hubble Space Telescope (HST) epoch. WSO-UV is an international endeavor led by the Russian Federal Agency,   ROSCOSMOS. WSO-UV is a medium size scientific mission with a telescope of 170 cm primary diameter. The telescope is equipped with instrumentation for astronomical imaging and spectroscopy. WSO-UV will be in a geosynchronous orbit ideally suited for monitoring programs and the observation of weak UV sources. Its expected lifetime is 5+5 years with foreseen launch date September 2015. The WSO-UV Ground Segment is comprised of all the infrastructure and facilities involved in the preparation and execution of the WSO-UV mission operations, which typically encompass real-time monitoring and control of the spacecraft, telescope and instruments as well as  reception, processing and storage of the scientific data. The Ground Segment is being developed by Spain in collaboration with Russia within a consortium that involves Academia (the Universidad Complutense de Madrid (UCM) and the Institute of Astronomy of the Russian Academy of Sciences (INASAN)) and industry (GMV and Lavochkin Association) in both countries. Industry is developing, for some components jointly with Academia, the ground segment components that are defined and will be used by the Academic partners. The Academia will have a major involvement in the mission infrastructure development and operations. The Academia partners will also handle the interaction with the  international scientific community and  the creation of the Scientific Archive. In this contribution, the characteristics of this Russian- Spanish collaboration to jointly operate the WSO-UV space telescope from the academic 
environment will be described, including the cooperation between Academia and Industry.</subfield>
   </datafield>
   <datafield ind1="8" ind2=" " tag="024">
      <subfield code="a">10.2514/6.2012-1274655</subfield>
   </datafield>
   <datafield ind1="8" ind2=" " tag="024">
      <subfield code="a">https://hdl.handle.net/20.500.14352/107884</subfield>
   </datafield>
   <datafield ind2="0" ind1="0" tag="245">
      <subfield code="a">The WSO-UV space telescope operation from UCM</subfield>
   </datafield>
</record></metadata></record></GetRecord></OAI-PMH>